000 00844nam a22002055i 4500
001 169307
003 ES-MaACL
005 20250701063158.0
008 080829s1889 fr |||| | fre d
080 _a929 Cuvillier-Fleury, Alfred-Auguste
100 1 _aClaretie, Jules,
_d1840-1913
_9160289
245 1 0 _aDiscours de réception
_b: séance de L'Academie Française du 21 février 1889 /
_cJ. Claretie.
260 _aParis :
_bCalman Lévy,
_c1889.
300 _a43 p. ;
_c24 cm.
505 8 _aTema del discurso: Discours de M. Claretie Jules-Arnaud-Arsène à la place par la mort de mort de M. Cuviller-Fleury
600 1 4 _aCuvillier-Fleury, Alfred-Auguste.
_9138402
710 2 _aAcadémie française.
_91233
852 _aES-MaACL
_j2233-F-14
_9R.143878
_z.- Biblioteca Jacinto Martínez Lacalle
999 _c169307
_d169307